Statistiques concernant Familles du MCU

Cliquez ici pour prendre le quiz!

Statistiques générales

  • Ce quiz a été pris 58 fois
  • Le résultat moyen est 14 sur 34

Statistiques - réponses

FamilleRéponse% Correct
Tony
100%
Peter
94%
Peter
94%
MaximoffWanda
89%
Pepper
72%
T'Challa
72%
PymHank
70%
Thor
63%
Loki
61%
May
61%
Pietro
59%
OdisonOdin
57%
Shuri
54%
Hela
48%
StarkHoward
48%
TitansThanos
48%
Morgan
43%
Gamora
33%
WakandaT'Chaka
33%
QuillEgo
30%
Nebula
30%
Hope
28%
Scott
28%
Janet
26%
Cassie
17%
Frigga
17%
Maria
13%
Meredith
9%
Ramonda
7%
Mary
6%
Eros
4%
ParkerRichard
2%
Erik Killmonger
0%
N'Jobu
0%

Distribution des résultats

Percentile par nombre de réponses

% des personnes avec chaque résultat

Votre développement - résultats

Vous n’avez pas pris ce quiz